[Event "31st WCh U20 Girls"]
[Site "Kocaeli TUR"]
[Date "2013.09.18"]
[Round "6.11"]
[White "Iwanow, Anna"]
[Black "Hejazipour, Mitra"]
[Result "0-1"]
[WhiteElo "2210"]
[BlackElo "2256"]
[EventDate "2013.09.13"]
[PlyCount "82"]

1.e4 c5 2.Nf3 Nc6 3.d4 cxd4 4.Nxd4 Qb6 5.Nb3 Nf6 6.Bd3 e6 7.Be3 Qc7 8.f4 
d6 9.g4 h6 10.Nc3 a6 11.Qf3 b5 12.h4 h5 13.g5 Ng4 14.g6 Bb7 15.gxf7+ Qxf7 
16.Bd2 Nce5 17.Qg3 Nxd3+ 18.cxd3 Rc8 19.Nd4 g6 20.Rf1 Bg7 21.Nce2 O-O 22.
f5 exf5 23.exf5 Rce8 24.Kd1 Qd5 25.Qg1 gxf5 26.Rc1 Qxa2 27.Rc7 Qd5 28.Bc3 
Rf7 29.Rxf7 Qxf7 30.Rxf5 Qg6 31.Rg5 Qxd3+ 32.Kc1 Re5 33.Nf4 Qe4 34.Nxh5 
Rxg5 35.hxg5 b4 36.Nxg7 bxc3 37.Ndf5 Qf4+ 38.Kc2 Qd2+ 39.Kb3 Qxb2+ 40.Kc4 
Ne5+ 41.Kd4 Qd2# 0-1

[Event "31st WCh U20 Girls"]
[Site "Kocaeli TUR"]
[Date "2013.09.18"]
[Round "6.12"]
[White "Rodriguez Rueda, Paula Andrea"]
[Black "Petrova, Irina"]
[Result "1-0"]
[WhiteElo "2225"]
[BlackElo "2117"]
[EventDate "2013.09.13"]
[PlyCount "81"]

1.d4 Nf6 2.c4 c5 3.d5 b5 4.Nf3 g6 5.cxb5 a6 6.Qc2 d6 7.e4 Bg7 8.Nc3 O-O 9.
Be2 axb5 10.Bxb5 Nbd7 11.h3 Qa5 12.O-O Ba6 13.a4 Rfb8 14.Bd2 Qd8 15.Rfd1 
Ne8 16.Bc6 Bb7 17.Nb5 Bxc6 18.dxc6 Nb6 19.e5 Nc8 20.exd6 exd6 21.Bg5 Qb6 
22.c7 Rb7 23.Qe4 Na7 24.Bd8 Qc6 25.Qxc6 Nxc6 26.Nxd6 Nxd6 27.Rxd6 Na7 28.
Re1 Bxb2 29.Rb1 Rb4 30.Ra6 c4 31.Rxa7 Rc8 32.Bf6 c3 33.Bxc3 Bxc3 34.Rxb4 
Bxb4 35.Nd4 Kf8 36.Rb7 Bd6 37.Nb5 Be5 38.a5 Ke7 39.a6 Kd7 40.a7 Bxc7 41.
Rxc7+ 1-0

[Event "31st WCh U20 Girls"]
[Site "Kocaeli TUR"]
[Date "2013.09.18"]
[Round "6.13"]
[White "Derakhshani, Dorsa"]
[Black "Nguyen Thi Mai Hung"]
[Result "1/2-1/2"]
[WhiteElo "2078"]
[BlackElo "2222"]
[EventDate "2013.09.13"]
[PlyCount "83"]

1.e4 c5 2.Nf3 g6 3.d4 cxd4 4.Qxd4 Nf6 5.e5 Nc6 6.Qa4 Nd5 7.Qe4 Nc7 8.Nc3 
Bg7 9.Bf4 b6 10.O-O-O Bb7 11.Qe3 Ne6 12.Bh6 Bxh6 13.Qxh6 Qb8 14.Qe3 Qc8 
15.Bc4 Na5 16.Bb5 Bc6 17.Nd4 Bxb5 18.Ncxb5 Nxd4 19.Rxd4 Qc6 20.Qd3 Nb7 21.
Rd1 Nc5 22.Qc4 Ne6 23.Re4 a6 24.Qxc6 dxc6 25.Nd4 Kd7 26.Nb5+ Kc8 27.Nd4 
Kd7 28.Nb5+ Kc8 29.Nd4 Nxd4 30.Rexd4 Ra7 31.R1d3 Rc7 32.Kd2 h5 33.h4 c5 
34.Rd5 Kb7 35.Ke3 b5 36.Kf4 f6 37.Rg3 Kc6 38.Rd2 Rg8 39.Ra3 Ra8 40.Rg3 Rg8
41.Ra3 Ra8 42.Rg3 1/2-1/2

[Event "31st WCh U20 Girls"]
[Site "Kocaeli TUR"]
[Date "2013.09.18"]
[Round "6.14"]
[White "Imeeva, Aisa"]
[Black "Vo Thi Kim Phung"]
[Result "1/2-1/2"]
[WhiteElo "2067"]
[BlackElo "2219"]
[EventDate "2013.09.13"]
[PlyCount "116"]

1.e4 c5 2.Nf3 d6 3.d4 cxd4 4.Nxd4 Nf6 5.Nc3 g6 6.Be2 Bg7 7.O-O Nc6 8.Nb3 
O-O 9.Re1 Be6 10.Bf1 Rc8 11.Nd5 Bxd5 12.exd5 Ne5 13.Bg5 h6 14.Bxf6 Bxf6 
15.c3 Nc4 16.Bxc4 Rxc4 17.Nd2 Rc7 18.a4 Qd7 19.Qb3 Rfc8 20.a5 h5 21.Ra4 
Bg5 22.f4 Bf6 23.Ne4 Bg7 24.Rf1 h4 25.h3 Qf5 26.Rb4 b6 27.axb6 axb6 28.Ng5
Bh6 29.Rxb6 Bxg5 30.fxg5 Qxg5 31.Rb4 Qe3+ 32.Kh1 Qe2 33.Rbf4 f5 34.R4f2 
Qc4 35.Qd1 Rc5 36.Rd2 Qb5 37.Re1 Kf7 38.Qf3 Rc4 39.Rf2 R8c7 40.Rd2 Qa4 41.
Rde2 Rf4 42.Qe3 Re4 43.Qd2 Rxe2 44.Rxe2 Qc4 45.Re6 Qf1+ 46.Kh2 Rc4 47.Re1 
Qf4+ 48.Qxf4 Rxf4 49.b4 Rc4 50.Re3 f4 51.Rd3 Kf6 52.Kg1 Ke5 53.Kf2 Rc8 54.
Ke2 g5 55.Kf3 Kf5 56.Ke2 Ke5 57.Kf3 Kf5 58.Ke2 Ke5 1/2-1/2

[Event "31st WCh U20 Girls"]
[Site "Kocaeli TUR"]
[Date "2013.09.18"]
[Round "6.15"]
[White "Kurbonboeva, Sarvinoz"]
[Black "Enkhtuul, Altanulzii"]
[Result "0-1"]
[WhiteElo "2120"]
[BlackElo "2202"]
[EventDate "2013.09.13"]
[PlyCount "117"]

1.d4 Nf6 2.c4 e6 3.Nf3 Bb4+ 4.Bd2 Qe7 5.g3 O-O 6.Bg2 Bxd2+ 7.Qxd2 d6 8.Nc3
e5 9.O-O a5 10.e4 Bg4 11.Ne1 exd4 12.Qxd4 Nc6 13.Qd2 Be6 14.b3 a4 15.Nc2 
Nd7 16.f4 axb3 17.axb3 Nc5 18.Rab1 f5 19.Rfe1 Qd7 20.exf5 Bxf5 21.b4 Ne6 
22.Rbd1 Kh8 23.Ne3 Ned8 24.Nxf5 Qxf5 25.Nd5 Ne6 26.Ne3 Qf6 27.b5 Ncd8 28.
f5 Nc5 29.Nd5 Qf7 30.Re7 Qh5 31.Nxc7 Ra2 32.Qd4 Nf7 33.Rde1 Qxf5 34.Rf1 
Qc2 35.Qd5 Nd3 36.Rexf7 Rxf7 37.Rxf7 Qc1+ 38.Bf1 Qe3+ 39.Kh1 Nf2+ 40.Rxf2 
Qxf2 41.Qg2 Qxg2+ 42.Bxg2 Ra1+ 43.Bf1 Rxf1+ 44.Kg2 Rc1 45.Ne8 Rxc4 46.Nxd6
Rc7 47.Kf3 Rd7 48.Nc4 Rd4 49.Na5 b6 50.Nc6 Rd5 51.Na7 Rc5 52.Ke4 Kg8 53.
Kd4 Kf8 54.Ke4 Ke8 55.h4 Kd7 56.g4 Rc7 57.Nc6 Rxc6 58.bxc6+ Kxc6 59.Kd4 
0-1

[Event "31st WCh U20 Girls"]
[Site "Kocaeli TUR"]
[Date "2013.09.18"]
[Round "6.16"]
[White "Stiazhkina, Anna"]
[Black "Sviridova, Vlada"]
[Result "1/2-1/2"]
[WhiteElo "2244"]
[BlackElo "2063"]
[EventDate "2013.09.13"]
[PlyCount "115"]

1.c4 c6 2.Nf3 d5 3.e3 Nf6 4.Nc3 e6 5.Qc2 Nbd7 6.b3 Bd6 7.Bb2 a6 8.Be2 Qe7 
9.a3 b5 10.O-O O-O 11.d4 bxc4 12.bxc4 dxc4 13.e4 e5 14.Rfd1 exd4 15.Rxd4 
Ne5 16.Rxd6 Nxf3+ 17.gxf3 Qxd6 18.e5 Qxe5 19.Ne4 Qf4 20.Nxf6+ gxf6 21.Kh1 
Bf5 22.Rg1+ Bg6 23.Bc1 Qd6 24.Bxc4 Kg7 25.Qe2 Rfe8 26.Qf1 Qd4 27.Ba2 Re5 
28.f4 Rc5 29.Be3 Qe4+ 30.Rg2 Rb5 31.Qe2 Re8 32.h3 Rh5 33.Kg1 Rxh3 34.f5 
Rxe3 35.fxe3 Qxe3+ 36.Qxe3 Rxe3 37.a4 Ra3 38.fxg6 fxg6 39.Rc2 Rxa4 40.Be6 
h5 41.Rxc6 a5 42.Ra6 Ra1+ 43.Kg2 a4 44.Ra8 f5 45.Ra6 a3 46.Kg3 Re1 47.Ba2 
Kh6 48.Bf7 Re7 49.Bd5 Kg5 50.Rxa3 f4+ 51.Kf3 h4 52.Be4 h3 53.Ra5+ Kh6 54.
Kxf4 g5+ 55.Kf3 g4+ 56.Kf4 h2 57.Ra1 Kh5 58.Bf5 1/2-1/2

[Event "31st WCh U20 Girls"]
[Site "Kocaeli TUR"]
[Date "2013.09.18"]
[Round "6.17"]
[White "Kuchava, Ana"]
[Black "Sihite, Chelsie Monica"]
[Result "1-0"]
[WhiteElo "2092"]
[BlackElo "2282"]
[EventDate "2013.09.13"]
[PlyCount "65"]

1.d4 Nf6 2.Nf3 e6 3.c4 b6 4.a3 Ba6 5.Qb3 c5 6.d5 exd5 7.cxd5 d6 8.Nc3 Be7 
9.h3 O-O 10.e4 Qc8 11.Bc4 Bxc4 12.Qxc4 a6 13.O-O b5 14.Qe2 Nbd7 15.Re1 Re8
16.a4 b4 17.Nb1 Bf8 18.Qc2 c4 19.Nbd2 c3 20.bxc3 Qxc3 21.Qb1 Rac8 22.Bb2 
Qc2 23.Bxf6 gxf6 24.Qxb4 Rb8 25.Qa3 Nc5 26.Rec1 Qb2 27.Qe3 Nxa4 28.Rcb1 
Qc2 29.Rxb8 Rxb8 30.Nd4 Qb2 31.Rxa4 Qc1+ 32.Kh2 Rb2 33.Nc4 1-0

[Event "31st WCh U20 Girls"]
[Site "Kocaeli TUR"]
[Date "2013.09.18"]
[Round "6.18"]
[White "Pavlidou, Ekaterini"]
[Black "Miladinovic, Lena"]
[Result "1/2-1/2"]
[WhiteElo "2216"]
[BlackElo "2080"]
[EventDate "2013.09.13"]
[PlyCount "98"]

1.d4 Nf6 2.Nf3 e6 3.g3 c5 4.e3 b6 5.Bg2 Bb7 6.O-O cxd4 7.exd4 Be7 8.c4 d6 
9.Nc3 O-O 10.Re1 Nbd7 11.d5 e5 12.Nh4 Re8 13.f4 Bf8 14.Nf3 exf4 15.Bxf4 
Rxe1+ 16.Qxe1 Nc5 17.Qd2 a5 18.Nd4 Qd7 19.Bg5 Ne8 20.Rf1 h6 21.Be3 Be7 22.
Ne4 Qg4 23.Nf2 Qg6 24.Nh3 Qd3 25.Qf2 Bf6 26.Nf4 Qxc4 27.b3 Qb4 28.Nh5 Ba6 
29.Rd1 Be5 30.Bf1 Ne4 31.Qf3 Bxf1 32.Qxf1 N8f6 33.Nxf6+ Nxf6 34.Qf3 Re8 
35.Nc6 Qb5 36.Bf2 Nd7 37.a4 Qa6 38.Re1 Qb7 39.Kg2 Qc8 40.Qe2 Qc7 41.Qb5 g6
42.Re2 Kh7 43.Nxe5 Rxe5 44.Rxe5 Nxe5 45.Qxb6 Qc2 46.Qxd6 Qe4+ 47.Kf1 Qd3+ 
48.Kg2 Qf3+ 49.Kf1 Qd3+ 1/2-1/2

[Event "31st WCh U20 Girls"]
[Site "Kocaeli TUR"]
[Date "2013.09.18"]
[Round "6.19"]
[White "Anu Bayar"]
[Black "Bezgodova, Maria"]
[Result "1/2-1/2"]
[WhiteElo "2012"]
[BlackElo "2172"]
[EventDate "2013.09.13"]
[PlyCount "166"]

1.d4 d5 2.c4 e6 3.Nf3 Nf6 4.g3 c5 5.cxd5 exd5 6.Bg2 Nc6 7.O-O Be7 8.Nc3 
O-O 9.dxc5 Bxc5 10.Na4 Be7 11.Be3 Re8 12.Rc1 Ne4 13.Nd4 Bf6 14.Nxc6 bxc6 
15.Rxc6 Qa5 16.Rc1 Bb7 17.Bd4 Bg5 18.e3 Rac8 19.Nc3 Ba6 20.Re1 Rb8 21.Nxe4
dxe4 22.Rc5 Rb5 23.Rxb5 Bxb5 24.Bc3 Qxa2 25.Qh5 h6 26.h4 g6 27.Qd1 Rd8 28.
Qa1 Qxa1 29.Rxa1 Be7 30.Rxa7 Re8 31.Bxe4 Bxh4 32.Bxg6 fxg6 33.gxh4 Re4 34.
Rg7+ Kf8 35.Rxg6 Rxh4 36.Kg2 Kf7 37.Rf6+ Ke7 38.f3 Bd7 39.e4 Rh5 40.Rg6 
Rg5+ 41.Rxg5 hxg5 42.Kf2 Ke6 43.Ke3 Be8 44.b4 Bb5 45.Bg7 Kf7 46.Be5 Ke6 
47.Bc7 Kd7 48.Bb6 Ke7 49.Kd2 Ba6 50.Be3 Kf6 51.Kc3 Ke5 52.Kd2 Kf6 53.f4 
gxf4 54.Bxf4 Ke6 55.Kc3 Kd7 56.Kd4 Kc6 57.Ke5 Bd3 58.Be3 Bc2 59.Kf4 Bd3 
60.Bc5 Kd7 61.Ke3 Bc4 62.Kd4 Be2 63.e5 Bg4 64.b5 Be2 65.b6 Ba6 66.Bd6 Kc6 
67.Bc7 Kd7 68.Bd6 Kc6 69.Bc5 Bc8 70.Kc4 Be6+ 71.Kb4 Bc8 72.Bd4 Kd7 73.Kc5 
Bb7 74.Bc3 Ke6 75.Kd4 Kd7 76.Ke3 Kc6 77.Ba5 Kd5 78.Kf4 Ke6 79.Bc3 Bc6 80.
Kg5 Kf7 81.Kh6 Bb7 82.Kh7 Be4+ 83.Kh8 Bb7 1/2-1/2

[Event "31st WCh U20 Girls"]
[Site "Kocaeli TUR"]
[Date "2013.09.18"]
[Round "6.20"]
[White "Karabaeva, Zhanna"]
[Black "Juhasz, Barbara"]
[Result "1/2-1/2"]
[WhiteElo "2029"]
[BlackElo "2169"]
[EventDate "2013.09.13"]
[PlyCount "159"]

1.e4 e5 2.Nf3 Nc6 3.Bb5 a6 4.Ba4 Nf6 5.O-O Be7 6.Re1 d6 7.c3 O-O 8.h3 b5 
9.Bb3 Na5 10.Bc2 c5 11.d4 Nd7 12.Nbd2 Bf6 13.d5 g6 14.Nf1 Bg7 15.Ng3 Nb6 
16.Nh2 h5 17.f4 exf4 18.Bxf4 Nac4 19.Qc1 Ne5 20.Bg5 Bf6 21.Bh6 Re8 22.Rf1 
b4 23.Qf4 Nbd7 24.Nf3 Qe7 25.Kh1 a5 26.Nxe5 Bxe5 27.Qe3 Nb6 28.Bd3 Bd7 29.
Ne2 Na4 30.Bg5 f6 31.Bf4 Nxb2 32.Bxe5 fxe5 33.c4 Kg7 34.Ng1 Rf8 35.Be2 
Rxf1 36.Rxf1 Rf8 37.Nf3 Na4 38.Rg1 Nc3 39.a3 Qf6 40.axb4 axb4 41.Ra1 Ba4 
42.Ng5 Re8 43.Rf1 Qe7 44.Ne6+ Kh7 45.Bxh5 Rg8 46.Ng5+ Kg7 47.Bg4 Be8 48.
Ne6+ Kh7 49.Rf3 Rh8 50.h4 Bd7 51.Ng5+ Kg8 52.Bxd7 Qxd7 53.Qf2 Qe7 54.g3 
Nd1 55.Qd2 Rh5 56.Kg2 Nc3 57.Qf2 Rxg5 58.hxg5 Kg7 59.Qe3 Qa7 60.Rf1 Qa2+ 
61.Kh3 Qe2 62.Qxe2 Nxe2 63.Rf6 Nc3 64.Rxd6 Nxe4 65.Rd7+ Kf8 66.Kg4 Nd2 67.
Rb7 Nxc4 68.Kf3 Nd6 69.Rd7 Nb5 70.Rb7 Nd6 71.Rd7 Nb5 72.Ke4 c4 73.Rd8+ Ke7
74.Rb8 Nd6+ 75.Kxe5 c3 76.Ra8 c2 77.Ra7+ Ke8 78.Kxd6 c1=Q 79.Ra8+ Kf7 80.
Ra7+ 1/2-1/2

[Event "31st WCh U20 Girls"]
[Site "Kocaeli TUR"]
[Date "2013.09.18"]
[Round "6.21"]
[White "Xiao Yiyi"]
[Black "Anjana Krishna, S."]
[Result "1-0"]
[WhiteElo "2163"]
[BlackElo "1881"]
[EventDate "2013.09.13"]
[PlyCount "87"]

1.d4 d5 2.c4 e6 3.Nf3 Nf6 4.g3 Be7 5.Bg2 O-O 6.O-O c6 7.Qc2 Nbd7 8.b3 b6 
9.Bb2 Bb7 10.Nc3 Rc8 11.Rad1 c5 12.cxd5 Nxd5 13.Nxd5 exd5 14.h4 h6 15.Qf5 
c4 16.bxc4 Rxc4 17.Nd2 g6 18.Qd3 Rc7 19.e4 Nb8 20.Rfe1 dxe4 21.Nxe4 Bxe4 
22.Qxe4 Bf6 23.Ba3 Nd7 24.Bxf8 Nxf8 25.d5 Qd6 26.Rc1 Re7 27.Qa4 Rxe1+ 28.
Rxe1 Kg7 29.Qc6 Be5 30.Qxd6 Bxd6 31.Re8 Kf6 32.Bh3 Bc5 33.Kf1 h5 34.f4 a5 
35.a4 Nh7 36.Ke2 Kg7 37.Rd8 b5 38.axb5 a4 39.Rc8 Be7 40.b6 a3 41.Ra8 Nf6 
42.b7 Bd6 43.Rxa3 Nxd5 44.Rd3 1-0

[Event "31st WCh U20 Girls"]
[Site "Kocaeli TUR"]
[Date "2013.09.18"]
[Round "6.22"]
[White "Gevorgian, Maria"]
[Black "Barbosa, Larissa Ichimura"]
[Result "1-0"]
[WhiteElo "2143"]
[BlackElo "1868"]
[EventDate "2013.09.13"]
[PlyCount "83"]

1.e4 e6 2.d4 d5 3.Nc3 Nf6 4.Bg5 Be7 5.e5 Nfd7 6.h4 c5 7.Bxe7 Qxe7 8.Nb5 
O-O 9.Nc7 Nc6 10.Nxa8 cxd4 11.a3 Ndxe5 12.Ne2 Qd6 13.Nxd4 Nxd4 14.Qxd4 Nc6
15.Qe3 Bd7 16.Nb6 axb6 17.Be2 Qc5 18.Qxc5 bxc5 19.O-O-O Nd4 20.Bd3 e5 21.
Rhe1 c4 22.Bf1 f6 23.Rd2 b5 24.g3 b4 25.Bg2 Bc6 26.axb4 Ra8 27.Kb1 Kf7 28.
Re3 Rb8 29.Ra3 Bb7 30.Ra7 Kg6 31.Rd1 c3 32.Ra5 Nc6 33.Rb5 Na7 34.Rc5 cxb2 
35.Kxb2 d4 36.Bxb7 Rxb7 37.Kb3 Nb5 38.Re1 Rb6 39.f4 exf4 40.gxf4 f5 41.
Ree5 d3 42.Rxb5 1-0

[Event "31st WCh U20 Girls"]
[Site "Kocaeli TUR"]
[Date "2013.09.18"]
[Round "6.23"]
[White "Soylemez, Cansu"]
[Black "Saranya, J."]
[Result "0-1"]
[WhiteElo "1905"]
[BlackElo "2094"]
[EventDate "2013.09.13"]
[PlyCount "70"]

1.d4 f5 2.c4 Nf6 3.Nf3 g6 4.g3 Bg7 5.Bg2 O-O 6.O-O d6 7.Nc3 c6 8.h3 Nbd7 
9.d5 c5 10.Ng5 Nb6 11.Qd3 h6 12.Ne6 Bxe6 13.dxe6 Qc8 14.Nd5 Nfxd5 15.cxd5 
c4 16.Qc2 Qc5 17.Rd1 Rac8 18.Be3 Qb4 19.Rab1 Qa5 20.a3 Na4 21.Bd4 c3 22.
bxc3 Nxc3 23.Bxc3 Rxc3 24.Qd2 b6 25.a4 Rfc8 26.g4 Qxa4 27.Ra1 Qc4 28.gxf5 
Rc2 29.Qe3 Bxa1 30.Rxa1 Rc1+ 31.Kh2 Rxa1 32.f6 Qc3 33.f7+ Kg7 34.Qf4 Qe5 
35.Qxe5+ dxe5 0-1

[Event "31st WCh U20 Girls"]
[Site "Kocaeli TUR"]
[Date "2013.09.18"]
[Round "6.24"]
[White "Liu Hongyan"]
[Black "Armas, Lena"]
[Result "1-0"]
[WhiteElo "2065"]
[BlackElo "1920"]
[EventDate "2013.09.13"]
[PlyCount "77"]

1.d4 d5 2.c4 e6 3.Nf3 Nf6 4.g3 Be7 5.Bg2 O-O 6.O-O Nbd7 7.Qc2 c6 8.b3 b5 
9.cxb5 cxb5 10.Qc6 Rb8 11.Bf4 Rb6 12.Qc1 Bd6 13.Bxd6 Rxd6 14.Nbd2 Bb7 15.
Qa3 Qb8 16.Rac1 Rc6 17.Rxc6 Bxc6 18.b4 Bb7 19.Nb3 a6 20.Nc5 Nb6 21.Ne5 Nc4
22.Nxc4 bxc4 23.Qa5 Bc8 24.Rb1 Qb5 25.Qc7 Nd7 26.a4 Qb6 27.Qxb6 Nxb6 28.
Kf1 Na8 29.Ke1 Nc7 30.b5 axb5 31.axb5 Ne8 32.e4 Nd6 33.b6 dxe4 34.Nxe4 Bb7
35.Nxd6 Bxg2 36.Nxc4 Rb8 37.Ne5 Bd5 38.Nd7 Rb7 39.Rc1 1-0

[Event "31st WCh U20 Girls"]
[Site "Kocaeli TUR"]
[Date "2013.09.18"]
[Round "6.25"]
[White "Shyngys Kyzy, Aijarkyn"]
[Black "De Seroux, Camille"]
[Result "0-1"]
[WhiteElo "1780"]
[BlackElo "2108"]
[EventDate "2013.09.13"]
[PlyCount "68"]

1.e4 c5 2.Nf3 Nc6 3.Bb5 g6 4.O-O Bg7 5.Re1 Nf6 6.c3 O-O 7.d4 cxd4 8.cxd4 
d5 9.e5 Ne4 10.Nbd2 Qb6 11.Bxc6 Qxc6 12.Nxe4 dxe4 13.Ng5 Rd8 14.Bf4 Qd5 
15.Qe2 Bf5 16.Rad1 Qxa2 17.g4 Be6 18.Nxe4 Rac8 19.Bg5 Qc4 20.Qe3 Qb4 21.h3
Rc4 22.b3 Rc2 23.Rd3 h6 24.Bh4 g5 25.Bg3 b6 26.f4 Bd5 27.Rf1 Qb5 28.fxg5 
hxg5 29.Nf2 Bb7 30.h4 Qd5 31.Ne4 Qxe4 32.Qxe4 Bxe4 33.Re3 Rg2+ 34.Kh1 Re2+
0-1

[Event "31st WCh U20 Girls"]
[Site "Kocaeli TUR"]
[Date "2013.09.18"]
[Round "6.26"]
[White "Edes, Zsofia"]
[Black "Assaubaeva, Bibisara"]
[Result "0-1"]
[WhiteElo "2044"]
[BlackElo "1761"]
[EventDate "2013.09.13"]
[PlyCount "55"]

1.d4 f5 2.c4 Nf6 3.Nf3 g6 4.g3 Bg7 5.Bg2 d6 6.Nc3 O-O 7.O-O Nc6 8.Bf4 Re8 
9.Rc1 Nh5 10.Bg5 h6 11.Be3 g5 12.d5 Ne5 13.b3 Nf6 14.Bd4 Ng6 15.Nd2 Bd7 
16.b4 c6 17.e4 f4 18.c5 e5 19.dxe6 Bxe6 20.cxd6 Qxd6 21.Bc5 Qc7 22.Qc2 Nd7
23.Nb3 Nde5 24.Nd2 Red8 25.f3 Nd3 26.Ne2 b6 27.Bf2 Nxb4 28.Qd1 0-1

[Event "31st WCh U20 Girls"]
[Site "Kocaeli TUR"]
[Date "2013.09.18"]
[Round "6.27"]
[White "Fronda, Jan Jodilyn"]
[Black "Micoogullari, Lara"]
[Result "1-0"]
[WhiteElo "2038"]
[BlackElo "1585"]
[EventDate "2013.09.13"]
[PlyCount "104"]

1.e4 c5 2.Nf3 Nc6 3.c3 d5 4.exd5 Qxd5 5.d4 cxd4 6.cxd4 Bg4 7.Be2 Nf6 8.Nc3
Qa5 9.h3 Bf5 10.O-O e6 11.Qb3 Qb4 12.Qxb4 Bxb4 13.a3 Bxc3 14.bxc3 O-O 15.
c4 Na5 16.Be3 Rac8 17.Nd2 Ne4 18.Nxe4 Bxe4 19.Rac1 Rfd8 20.Rfd1 h6 21.f3 
Bc6 22.Rd3 Ba4 23.Rdc3 b6 24.Kf2 Nb3 25.Bd1 Nxc1 26.Bxa4 Nd3+ 27.Rxd3 Rxc4
28.Bb3 Rc7 29.Bf4 Rcd7 30.Ke3 a6 31.a4 b5 32.a5 Kf8 33.h4 Ke7 34.g4 f6 35.
Bg3 e5 36.d5 g6 37.Ke4 Kd6 38.f4 f5+ 39.gxf5 gxf5+ 40.Kxf5 Rf8+ 41.Ke4 
exf4 42.Bxf4+ Kc5 43.d6 Rf6 44.Be5 Rf1 45.Be6 Re1+ 46.Re3 Rxe3+ 47.Kxe3 
Rxd6 48.Bxd6+ Kxd6 49.Bc8 b4 50.Bxa6 Kc5 51.Bd3 b3 52.Kd2 Kd5 1-0

[Event "31st WCh U20 Girls"]
[Site "Kocaeli TUR"]
[Date "2013.09.18"]
[Round "6.28"]
[White "Firat, Deniz"]
[Black "Krumova, Ani"]
[Result "1/2-1/2"]
[WhiteElo "1664"]
[BlackElo "1993"]
[EventDate "2013.09.13"]
[PlyCount "84"]

1.d4 Nf6 2.c4 b6 3.Nc3 Bb7 4.Nf3 e6 5.e3 Be7 6.Bd3 O-O 7.O-O c5 8.e4 cxd4 
9.Nxd4 Nc6 10.Nxc6 dxc6 11.e5 Nd7 12.f4 Nc5 13.Bc2 Qxd1 14.Rxd1 Rad8 15.
Be3 f6 16.Ne4 Nxe4 17.Bxe4 f5 18.Bf3 Kf7 19.Kf2 Ke8 20.a3 Rd7 21.b4 Kd8 
22.c5 Rxd1 23.Rxd1+ Kc7 24.a4 Rd8 25.Rxd8 Bxd8 26.g4 g6 27.gxf5 gxf5 28.
Kg3 Ba6 29.h4 Bc4 30.h5 Bb3 31.cxb6+ axb6 32.a5 bxa5 33.bxa5 Bd5 34.Be2 
Be7 35.Bb6+ Kb8 36.Kf2 Bh4+ 37.Ke3 Bg3 38.h6 Bh2 39.Bh5 c5 40.Bg6 Bg1+ 41.
Kd2 Bh2 42.Ke3 Bg1+ 1/2-1/2

[Event "31st WCh U20 Girls"]
[Site "Kocaeli TUR"]
[Date "2013.09.18"]
[Round "6.29"]
[White "Guney, Gamze Nur"]
[Black "Leonardi, Caterina"]
[Result "1/2-1/2"]
[WhiteElo "1731"]
[BlackElo "1944"]
[EventDate "2013.09.13"]
[PlyCount "102"]

1.d4 Nf6 2.Nf3 g6 3.c4 Bg7 4.Nc3 d5 5.e3 O-O 6.Be2 dxc4 7.Bxc4 c5 8.O-O 
Bg4 9.h3 Bxf3 10.Qxf3 cxd4 11.Qxb7 Nbd7 12.exd4 Nb6 13.Bb3 e6 14.Be3 a5 
15.Qf3 a4 16.Bc2 a3 17.Nd1 Nfd5 18.Bb3 Qd6 19.Rb1 axb2 20.Rxb2 Rfc8 21.Rd2
Qb4 22.Rd3 Nc4 23.Qe2 Qd6 24.Nb2 Nxb2 25.Qxb2 Rc6 26.Rc1 Rca6 27.Rd2 Nb4 
28.Qb1 Ra5 29.g3 Nd5 30.Bxd5 Qxd5 31.Rcc2 Bf6 32.Rc5 Qd8 33.Rxa5 Qxa5 34.
Qb3 h5 35.Qb7 Rd8 36.Qf3 Bg7 37.Qf4 Qd5 38.Qc7 Ra8 39.Qc2 Ra5 40.Qb3 Qf5 
41.Kh2 Rb5 42.Qc2 Qd5 43.a4 Ra5 44.Qc8+ Kh7 45.Qe8 Qb7 46.Rc2 Ra8 47.Qc6 
Qxc6 48.Rxc6 Rxa4 49.Rc7 Kg8 50.Rc8+ Kh7 51.Rc7 Kg8 1/2-1/2

[Event "31st WCh U20 Girls"]
[Site "Kocaeli TUR"]
[Date "2013.09.18"]
[Round "6.30"]
[White "Gueci, Laura"]
[Black "Adanmis, Ezgi"]
[Result "0-1"]
[WhiteElo "1904"]
[BlackElo "1499"]
[EventDate "2013.09.13"]
[PlyCount "72"]

1.c4 Nf6 2.g3 e6 3.Nf3 d5 4.b3 Be7 5.Bg2 O-O 6.O-O Nbd7 7.Bb2 c6 8.d3 b5 
9.Nbd2 Bb7 10.Re1 a6 11.Qc2 c5 12.e4 Rc8 13.Rad1 h6 14.Qb1 Re8 15.Qa1 Qb6 
16.cxd5 exd5 17.e5 Nh5 18.Bh3 Rcd8 19.e6 Nf8 20.exf7+ Kxf7 21.Ne5+ Kg8 22.
Ndf3 d4 23.b4 Nf6 24.a4 Bd6 25.bxc5 Bxc5 26.Qc1 Bb4 27.Qf4 Bxf3 28.Qxf3 
Bxe1 29.Rxe1 Ng6 30.Qf5 Nxe5 31.Rxe5 Rxe5 32.Qxe5 Re8 33.Qf4 Rd8 34.a5 Qc5
35.Be6+ Kh8 36.Qf3 Qb4 0-1

[Event "31st WCh U20 Girls"]
[Site "Kocaeli TUR"]
[Date "2013.09.18"]
[Round "6.31"]
[White "Aslan, Cagla Yaren"]
[Black "Nasriddinzoda, Marvorii"]
[Result "0-1"]
[WhiteElo "1697"]
[BlackElo "2032"]
[EventDate "2013.09.13"]
[PlyCount "109"]

1.e4 d6 2.d3 Nf6 3.Nf3 e5 4.g3 Be7 5.Bg2 Nc6 6.O-O O-O 7.Nbd2 h6 8.Nc4 Be6
9.Ne3 Qd7 10.c3 d5 11.exd5 Nxd5 12.Qc2 Rad8 13.Rd1 Bf6 14.Nxd5 Bxd5 15.Be3
Qf5 16.Ne1 Bxg2 17.Kxg2 Rd7 18.Rd2 Rfd8 19.Rad1 Qe6 20.Qa4 a5 21.Qc4 Qxc4 
22.dxc4 Rxd2 23.Rxd2 Rxd2 24.Bxd2 a4 25.Nc2 Na5 26.Ne3 Bg5 27.c5 c6 28.c4 
Bxe3 29.Bxe3 Nxc4 30.Bc1 f5 31.b3 axb3 32.axb3 Na5 33.b4 Nc4 34.Kf3 Kf7 
35.g4 Ke6 36.h4 Kf6 37.Kg3 g5 38.hxg5+ hxg5 39.gxf5 Kxf5 40.f3 e4 41.fxe4+
Kxe4 42.Kg4 Kd4 43.Bxg5 Ne3+ 44.Kf3 Nc2 45.b5 cxb5 46.Ke2 Kc3 47.Bf6+ Kb3 
48.Kd2 b4 49.Kc1 Na3 50.Be7 Nb5 51.Bf6 Ka2 52.Kd2 b3 53.Kd3 Na3 54.Ke4 Nc4
55.Kd5 0-1

[Event "31st WCh U20 Girls"]
[Site "Kocaeli TUR"]
[Date "2013.09.18"]
[Round "6.32"]
[White "Racki, Barbara"]
[Black "Alev, Gonulden Seda"]
[Result "1-0"]
[WhiteElo "1946"]
[BlackElo "1632"]
[EventDate "2013.09.13"]
[PlyCount "67"]

1.e4 c5 2.c3 d6 3.d4 cxd4 4.cxd4 Nf6 5.Nc3 g6 6.Nf3 Bg7 7.Be2 O-O 8.O-O a6
9.a4 Nc6 10.Re1 Qc7 11.Be3 Ng4 12.Bc1 Nf6 13.h3 Na5 14.Bd3 Rd8 15.Bg5 b6 
16.Rc1 Qa7 17.Bxf6 exf6 18.Nd5 Be6 19.b4 Bxd5 20.exd5 Nb7 21.Rc7 Re8 22.
Rxe8+ Rxe8 23.Qc2 Bf8 24.Qc6 Re7 25.Rc8 f5 26.Qc2 f4 27.Qc1 Rd7 28.Qxf4 
Nd8 29.Qh4 Be7 30.Ng5 h5 31.Qf4 Kg7 32.Rc1 Rc7 33.Re1 Rc3 34.Be2 1-0

[Event "31st WCh U20 Girls"]
[Site "Kocaeli TUR"]
[Date "2013.09.18"]
[Round "6.33"]
[White "Birgelir, Melisa"]
[Black "Shristi Shetty, J."]
[Result "0-1"]
[WhiteElo "1617"]
[BlackElo "1909"]
[EventDate "2013.09.13"]
[PlyCount "43"]

1.e4 c5 2.Nf3 Nc6 3.d3 g6 4.g3 Bg7 5.Bg2 d5 6.Nbd2 e6 7.O-O Nge7 8.Re1 Rb8
9.a4 a6 10.Nf1 b5 11.axb5 axb5 12.Ne3 h6 13.Ng4 f5 14.Ne3 O-O 15.exf5 exf5
16.Nh4 Kh7 17.f4 d4 18.Nf1 Qd6 19.Nf3 Bb7 20.Rb1 Ra8 21.Bd2 b4 22.Ne3 0-1

[Event "31st WCh U20 Girls"]
[Site "Kocaeli TUR"]
[Date "2013.09.18"]
[Round "6.34"]
[White "Sen, Beril Berfin"]
[Black "Alymbay Kyzy, Aizhan"]
[Result "1-0"]
[WhiteElo "1609"]
[BlackElo "1820"]
[EventDate "2013.09.13"]
[PlyCount "87"]

1.d4 d5 2.c4 e6 3.Nc3 Nf6 4.Nf3 Nbd7 5.Bg5 dxc4 6.e4 Be7 7.Bxc4 c6 8.O-O 
b5 9.Bd3 Bb7 10.e5 Nd5 11.Bxe7 Nxe7 12.Ne4 Nc8 13.Nfg5 h6 14.Nf3 O-O 15.
Rc1 Rb8 16.Bb1 Re8 17.Qd3 Nf8 18.h3 Qe7 19.Rfd1 Rd8 20.Nh2 Ng6 21.Qg3 Qh4 
22.Qe3 Ba8 23.Nf3 Qe7 24.Nc5 Nf8 25.Kh2 Nb6 26.b3 Nd5 27.Qe4 b4 28.Rd3 Nc3
29.Rdxc3 bxc3 30.Rxc3 g6 31.h4 Kg7 32.Qg4 f5 33.exf6+ Qxf6 34.h5 g5 35.Re3
Rd6 36.Kg1 Qf4 37.Qh3 g4 38.Qh4 gxf3 39.Qe7+ Kg8 40.Rxf3 Qc1+ 41.Kh2 Qxb1 
42.Rg3+ Ng6 43.Rxg6+ Qxg6 44.hxg6 1-0

[Event "31st WCh U20 Girls"]
[Site "Kocaeli TUR"]
[Date "2013.09.18"]
[Round "6.35"]
[White "Savant, Riya"]
[Black "Urbonaviciute, Zivile"]
[Result "1-0"]
[WhiteElo "1960"]
[BlackElo "1826"]
[EventDate "2013.09.13"]
[PlyCount "67"]

1.d4 d5 2.c4 c6 3.Nf3 Nf6 4.e3 Bf5 5.Nc3 e6 6.Qb3 Qb6 7.Nh4 Qxb3 8.axb3 
Bc2 9.c5 Bxb3 10.Bd3 Be7 11.Nf3 Nbd7 12.Nd2 Bc4 13.Bxc4 dxc4 14.Nxc4 O-O 
15.Na5 Rab8 16.b4 Rfc8 17.Nc4 Ra8 18.e4 b6 19.f4 Ne8 20.O-O Bf6 21.Be3 g6 
22.Ra3 Bg7 23.Rfa1 bxc5 24.bxc5 Rc7 25.e5 f6 26.Ne4 Nb8 27.Nb6 axb6 28.
Rxa8 Rb7 29.R1a7 Rxa7 30.Rxa7 bxc5 31.Ra8 cxd4 32.Rxb8 dxe3 33.Rxe8+ Kf7 
34.Nd6# 1-0

[Event "31st WCh U20 Girls"]
[Site "Kocaeli TUR"]
[Date "2013.09.18"]
[Round "6.36"]
[White "Matute Loja, Belen"]
[Black "Arig, Busra"]
[Result "1-0"]
[WhiteElo "1955"]
[BlackElo "1788"]
[EventDate "2013.09.13"]
[PlyCount "97"]

1.c4 Nf6 2.Nc3 e6 3.d4 Bb4 4.Bg5 h6 5.Bxf6 Qxf6 6.e4 O-O 7.a3 Bxc3+ 8.bxc3
d6 9.Bd3 e5 10.Qf3 Qe7 11.Ne2 Nd7 12.O-O Nf6 13.h3 c6 14.Ng3 Re8 15.Rfe1 
Qc7 16.Re3 Nh7 17.Qh5 Nf6 18.Qh4 Qe7 19.Nf5 Bxf5 20.exf5 Nh7 21.Qg4 Nf6 
22.Qe2 Rac8 23.Re1 Qd7 24.dxe5 Rxe5 25.Rxe5 dxe5 26.Bc2 Qd6 27.Qxe5 Qxa3 
28.Qd4 a6 29.c5 Qa2 30.Bd3 Qd5 31.Re7 Rd8 32.Rxb7 Qxd4 33.cxd4 Rxd4 34.
Bxa6 Rd1+ 35.Kh2 Rc1 36.Rb8+ Kh7 37.Rf8 Rxc5 38.Rxf7 Rc2 39.Rc7 Rc3 40.Bb7
c5 41.g4 Kg8 42.Bc8 Rc2 43.Be6+ Kf8 44.Rf7+ Ke8 45.Rxg7 Rxf2+ 46.Kg1 Rd2 
47.Rg6 Ne4 48.f6 Ng5 49.Rg8# 1-0